| 000 | 00763na a2200253 4500 | ||
|---|---|---|---|
| 001 | 17368 | ||
| 003 | MIRAKIL | ||
| 005 | 20181213154956.0 | ||
| 008 | 161024b tu 000 0 | ||
| 035 | _a17368 | ||
| 040 |
_aMilas _btur _cTR-AnCHP |
||
| 041 | _atur | ||
| 082 |
_a331.894 _bE46t 2000 |
||
| 090 | _a331.894 E46t 2000 | ||
| 111 |
_aEkonomi Forumu _cİstanbul _d2000 |
||
| 245 |
_aBütünsel kalite yönetiminin işçi-işveren ilişkileri üzerine etkileri _cFriedrich Ebert Stiftung |
||
| 260 |
_aİstanbul _bFES _c2000 |
||
| 300 |
_a126 s. _c23 sm. |
||
| 650 |
_aEkonomi _xYönetim _yToplantılar |
||
| 650 |
_aEmek ekonomisi _xToplantılar |
||
| 651 |
_aTürkiye _xEkonomi _yToplantılar |
||
| 710 | _aFriedrich Ebert Stiftung | ||
| 942 |
_2ddc _cBKS |
||
| 999 |
_c4206 _d4206 |
||